| 000 | 00599nam a2200253Ia 4500 | ||
|---|---|---|---|
| 008 | 181129s9999 xx 000 0 und d | ||
| 020 | _a078073003990 | ||
| 050 | _bB852 2002 | ||
| 100 | _aBridman, Norman | ||
| 245 | 0 | _aWinter ice is nice! / | |
| 245 | 0 | _cby Norman Bridwell ; Bob Barkly. | |
| 260 | _aNew York, NY : | ||
| 260 | _bScholastic, | ||
| 260 | _c2002 | ||
| 300 | _aunpaged : | ||
| 300 | _bcolor illustrations ; | ||
| 300 | _c23cm. | ||
| 440 | _aBig red reader. | ||
| 500 | _aBR | ||
| 650 | _aDogs. | ||
| 700 | _aBarkly, Bob. | ||
| 700 | _aSeries. | ||
| 700 | _aTitle. | ||
| 999 |
_c359966 _d359966 |
||